The political economy of uneven development : (Record no. 5771)
[ view plain ]
| 000 -LEADER | |
|---|---|
| fixed length control field | 01185cam a2200241 4500 |
| 001 - CONTROL NUMBER | |
| control field | 6832 |
| 020 ## - INTERNATIONAL STANDARD BOOK NUMBER | |
| International Standard Book Number | 0765602032 (hardcover : alk. paper) |
| International Standard Book Number | 0765602040 (paperback : alk. paper) |
| 082 00 - DEWEY DECIMAL CLASSIFICATION NUMBER | |
| Classification number | 338.951 |
| Edition number | 21 |
| 100 1# - MAIN ENTRY--PERSONAL NAME | |
| Personal name | Wang, Shaoguang, |
| Dates associated with a name | 1954- |
| 245 14 - TITLE STATEMENT | |
| Title | The political economy of uneven development : |
| Remainder of title | the case of China / |
| Statement of responsibility, etc. | by Shaoguang Wang and Angang Hu. |
| 260 ## - PUBLICATION, DISTRIBUTION, ETC. | |
| Place of publication, distribution, etc. | Armonk, N.Y. : |
| Name of publisher, distributor, etc. | M.E. Sharpe, |
| Date of publication, distribution, etc. | c1999. |
| 300 ## - PHYSICAL DESCRIPTION | |
| Extent | xii, 267 p. : |
| Other physical details | ill. ; |
| Dimensions | 23 cm. |
| 490 1# - SERIES STATEMENT | |
| Series statement | Asia and the Pacific |
| 504 ## - BIBLIOGRAPHY, ETC. NOTE | |
| Bibliography, etc. note | Includes bibliographical references and index. |
| 505 ## - FORMATTED CONTENTS NOTE | |
| Formatted contents note | CONTENTS: Introduction -- Theoretical Framework -- Changes in regional disparity since 1978 -- Multidimensional facts of regional disparity -- The economic causes of uneven regional development -- The political causes of uneven regional development -- Confronting inequality in China -- Appendices. |
| Miscellaneous information | |
| Statement of responsibility | |
| Title | |
| 651 #0 - SUBJECT ADDED ENTRY--GEOGRAPHIC NAME | |
| Geographic name | China |
| General subdivision | Economic conditions |
| -- | Regional disparities. |
| Geographic name | China |
| General subdivision | Economic conditions |
| Chronological subdivision | 1976-2000. |
| Geographic name | China |
| General subdivision | Economic policy |
| Chronological subdivision | 1976-2000. |
| 700 1# - ADDED ENTRY--PERSONAL NAME | |
| Personal name | Hu, An'gang. |
| 830 #0 - SERIES ADDED ENTRY--UNIFORM TITLE | |
| Uniform title | Asia and the Pacific (Armonk, N.Y.) |
| Withdrawn status | Lost status | Source of classification or shelving scheme | Damaged status | Not for loan | Collection code | Home library | Current library | Shelving location | Date acquired | Serial Enumeration / chronology | Inventory number | Total Checkouts | Full call number | Barcode | Date last seen | Price effective from | Koha item type |
|---|---|---|---|---|---|---|---|---|---|---|---|---|---|---|---|---|---|
| Dewey Decimal Classification | Main TEST | RTC Library | RTC Library | Main opac | 27/11/2018 | 10647 | 338.951 WAN | 30010613 | 27/11/2018 | 27/11/2018 | Main |